[Event "Ontario-ch"]
[Site "Toronto"]
[Date "1988.05.02"]
[Round "3"]
[White "Bailey, Doug"]
[Black "Dean, Andrew"]
[Result "1-0"]
[WhiteElo "2391"]
[BlackElo "1785"]
[PlyCount "43"]
[EventDate "1988.04.30"]
[EventType "tourn"]
[EventRounds "9"]
[EventCountry "CAN"]
[SourceTitle "EXT 2022"]
[Source "ChessBase"]
[SourceDate "2021.10.06"]
[SourceVersion "1"]
[SourceVersionDate "2021.10.06"]
[SourceQuality "1"]

1. e4 e6 2. d4 d5 3. Nc3 Bb4 4. e5 c5 5. a3 Bxc3+ 6. bxc3 Ne7 7. a4 Nbc6 8. Nf3 Qa5 9. Qd2 Bd7 10. Bd3 Rc8 11. 0-0 cxd4 12. cxd4 Qxd2 13. Bxd2 Nf5 14. Bxf5 exf5 15. Rfb1 b6 16. a5 b5 17. Rxb5 Nxe5 18. Rxd5 Nxf3+ 19. gxf3 Rxc2 20. Rb1 Rc8 21. Re5+ Kf8 22. Rb7 1-0